| 000 | 00455pab a2200169 454500 | ||
|---|---|---|---|
| 008 | 180718b2012 xxu||||| |||| 00| 0 eng d | ||
| 100 | _aSaini, Sakshi | ||
| 245 | _aA study of access to basic household amenities in informal settlement of Delhi | ||
| 260 | _c2012 | ||
| 300 | _ap.114-129. | ||
| 362 | _aJul-Sep | ||
| 650 | _aBasic urban services - India - Delhi | ||
| 650 | _aPublic utilities | ||
| 773 | _aNagarlok | ||
| 908 | _aN | ||
| 909 | _a99732 | ||
| 999 |
_c99731 _d99731 |
||